Statistics for Largest Cities and Towns in INDIA by First Letter

Click here to take the quiz!

General Stats

  • This quiz has been taken 72 times
  • The average score is 13 of 25

Answer Stats

LetterPopulationCITY/TOWN% Correct
D11,034,555Delhi
95%
C4,646,732Chennai
93%
A5,577,940Ahmedabad
92%
K4,496,694Kolkata
92%
M12,442,373Mumbai
92%
B8,443,675Bangalore
88%
H6,993,262Hyderabad
87%
J3,046,163Jaipur
82%
P3,124,458Pune
80%
S4,467,797Surat
70%
L2,817,105Lucknow
68%
N2,406,665Nagpur
68%
I1,960,631Indore
63%
V2,035,992Visakhapatnam
37%
F1,404653Faridabad
32%
R1,286,995Rajkot
32%
G1,636,068Ghaziabad
20%
W811,844Warangal
20%
E498,129Erode
15%
T1,818,872Thane
10%
U515,215Ujjain
10%
Y216,677Yamunanagar
5%
O300,028Ozhukarai
0%
Q21,899Qadian
0%
Z95,553Zirakpur
0%

Score Distribution

Percentile by Number Answered

Percent of People with Each Score

Your Score History

You have not taken this quiz